00576nam a2200181Ia 4500952012100000999001700121003000400138005001700142008004100159040000900200082001900209100002700228245003700255260003600292300000900328650001300337942004400350 00102ddc40708FICaMESbMEScENGd2019-02-20l0o823.914 GOR/Dp6976r2019-02-20 00:00:00w2019-02-20yBKzGR23R1 c12829d12829OSt20201027103021.0190216s9999||||xx |||||||||||||| ||und|| coclc a823.914bGOR/D aGordon, Richard 95723 0aDoctor And Son /cRichard Gordon bPenguin Books ,c1959.aLondon: a154p aSpeeches cBK2ddch823.914iGOR/Dk823.914mGOR/D